History Quiz

Random History or Clickable Quiz

Ancient History Match-up Quiz Stats

 Plays Quiz Updated Aug 14, 2017

Challenge
Share
Tweet
Score 0/28 Timer 06:00
10 Plays Today
% Correct
Julius
98%
Olympic
95.2%
Rosetta
94.6%
Aesop's
92.2%
Marcus
89.3%
Hammurabi's
82.2%
Delphic
81%
Fertile
80.8%
Oedipus
78.5%
Twelve
78.3%
Pax
75.8%
Sun
75.4%
Praetorian
75.4%
Qin
74.6%
% Correct
Indus
73.9%
Appian
72.4%
Siddhartha
67.5%
Amun
62.9%
Scipio
57.8%
Bhagavad
54.4%
Nicomachean
53.7%
Hannibal
50.7%
Abu
42.7%
Chandragupta
41.8%
Cassius
35.6%
Cai
30.8%
Mohenjo
28.1%
Narmer
20.5%

You're not logged in!

Compare scores with friends on all Sporcle quizzes.
OR
Log In

You Might Also Like...

Show Comments

Extras

Top Quizzes Today


Score Distribution

Your Account Isn't Verified!

In order to create a playlist on Sporcle, you need to verify the email address you used during registration. Go to your Sporcle Settings to finish the process.

Report this User

Report this user for behavior that violates our Community Guidelines.

Details: